00741nam a2200193 a 4500003000200000005001700002008004100019050003000060100002100090245009200111260009300203300004100296504004100337650003000378650002800408650004400436650003100480650003600511020250213151916.0130828s19uu xx 00 eng d aPGS TP 247.5 b.C387 2013 aCebedo, Jason P. aThe use of citrus fruit peelings as polystyrene (Styrofoam) solvent /cJason P. Cebedo. aLas Piñas City, Philippines : bSouthville International School and Colleges, c2013. a22 pages :billustrations ; c28 cm. aIncludes bibliographical references. aPolystyrenevDegradation. aBiodegradable solvents. aCitrus fruitsvIndustrial applications. aCitrus peelsvUtilization. aOrganic solventsvApplications.